Представление документа в формате RUSMARC

ПолеНазваниеЗначение
  Тип записи a
  Библиографический уровень m
001 Контрольный номер UONB/MAIN/0310291b66e848919085fcee7a897bcd
005 Дата корректировки 20260417162458.0
010 Индекс ISBN __
9 Тираж 76000 экз.
100 Данные общей обработки __
a Данные общей обработки 20260416d1979 u y0rusy0189## ca
101 Язык документа 0_
a Язык текста rus
102 Страна публикации __
a Страна публикации RU
105 Кодированные данные (монография) __
a Кодированные данные (монография) a j 000yy
200 Заглавие и сведения об ответственности 1_
a Заглавие Технология продуктов пчеловодства
e Сведения, относящиеся к заглавию по специальности "Пчеловодство"
f Первые сведения об ответственности В. Г. Чудаков
203 Вид содержания и тип средства __
a Вид содержания Текст
b Характеристика содержания визуальный
c Тип средства непосредственный
210 Выходные данные 1_
a Место издания Москва
c Издательство Колос
d Дата издания 1979
215 Физическое описание __
a Объем 160 с.
c Иллюстрации/тип воспроизводства ил.
d Формат 20 см
225 Серия 1_
a Серия Учебники и учебные пособия для средних сельскохозяйственных учебных заведений
606 Тематические рубрики 0_
a Основная рубрика Пчеловодство
x Основная подрубрика Продукты
j Формальный подзаголовок Учебники и пособия
610 Ключевые слова 0_
a Ключевые слова пчеловодство; продукты пчеловодства; интенсификация пчеловодства
686 Индексы других классификаций __
a Классификационный индекс 46.91-6
2 Код системы rubbk
700 Автор _1
a Фамилия Чудаков
b Имя (инициалы) В. Г.
g Полное личное имя Валерий Георгиевич
801 Источник записи _0
a Страна RU
b Организация Ульяновская ОНБ
c Дата составления 20260417
g Правила каталогизации RCR
801 Источник записи _1
a Страна RU
b Организация Ульяновская ОНБ
c Дата составления 20260417
g Правила каталогизации RCR
901 Тип документа __
t Тип документа m
909 Создатель записи __
a Создатель записи Макушик
b Дата создания записи 20260417